000 00582nam a2200217Ia 4500
005 20250508151554.0
008 008 250505s9999 xx 000 0 eng d
037 _aTextual
040 _aFEDL
_beng
_cFEDL
041 _aeng
_2eng
084 _a330.1, MEY
_qFEDL
100 _aMeyers Albert L.
245 0 _aElements of modern economics
250 _a3rd
260 _aNew York, USA
_bPrentice-Hall
_c1949
300 _axx,456p.
490 _aPrentice-Hall Economics Series
650 _aEconomics
942 _cTEXL
_h330.1, MEY
999 _c1330707
_d1330707